| 000 | 00373nam a22001337a 4500 | ||
|---|---|---|---|
| 008 | 140124b xxu||||| |||| 00| 0 eng d | ||
| 050 | _aSPC DT856.S3 | ||
| 100 |
_aSanger, Clyde _97070 |
||
| 245 | _aCentral African emergency | ||
| 260 |
_aLondon _bHeinemann _c1960 |
||
| 300 |
_av; 338p. _c21cm |
||
| 650 |
_aRhodesia & Nyasaland - Politics _97071 |
||
| 942 |
_2lcc _cMONOGRAPH |
||
| 999 |
_c119693 _d119693 |
||